zpět

Detail výsledku týmu

Eden, Heřmanův Městec

Datum a čas kvízu

27.5 Celkem bodů Celkový počet nahraných bodů na tomto kvízu bez doplňovacích otázek.
9. Pořadí na kvízu Konečné umístění týmu na tomto kvízu.

Zaznamenané odpovědi

# Otázka Odpověď Body Výsledky
1. Letitá ikonická story o „bábě... Plzeň 1
2. Slovenská vláda schválila plán... medvěd 1
3. Minulý týden jsme se definitiv... Votvírák 1
4. Jak se jmenuje horská chata le... Luční bouda 1
5. Dvojnásobná grandslamová šampi... Jiří Novák 1
6. Milovníci komiksů se každoročn... Comic-Con 1
7. Hlavní postavy ze seriálu Teor... Stuart 1
8. Jedním z nejoblíbenějších komi... 1C 2B 3A 4D 1
9. Jak se jmenuje muž, který nakr... Štěpán Mareš 0
10. V současné době vychází v komi... Karel Čapek, R.U.R. 1